Computer modeling for business and industry / (Record no. 53130)
[ view plain ]
| 000 -LEADER | |
|---|---|
| fixed length control field | 00741nam a2200253Ia 4500 |
| 003 - CONTROL NUMBER IDENTIFIER | |
| control field | OSt |
| 005 - DATE AND TIME OF LATEST TRANSACTION | |
| control field | 20250425100812.0 |
| 008 - FIXED-LENGTH DATA ELEMENTS--GENERAL INFORMATION | |
| fixed length control field | 210329s9999||||xx |||||||||||||| ||und|| |
| 020 ## - INTERNATIONAL STANDARD BOOK NUMBER | |
| International Standard Book Number | 0824772962 |
| 040 ## - CATALOGING SOURCE | |
| Transcribing agency | STCPL |
| 041 ## - LANGUAGE CODE | |
| Language code of text/sound track or separate title | English |
| 082 ## - DEWEY DECIMAL CLASSIFICATION NUMBER | |
| Classification number | 519.502 |
| Item number | BRU-C |
| 100 ## - MAIN ENTRY--PERSONAL NAME | |
| Personal name | Bowerman, Brucee L |
| 100 ## - MAIN ENTRY--PERSONAL NAME | |
| Personal name | Oconnell, Richard T |
| 245 #0 - TITLE STATEMENT | |
| Title | Computer modeling for business and industry / |
| Statement of responsibility, etc. | by Brucee L Bowerman and Richard T Oconnell |
| 260 ## - PUBLICATION, DISTRIBUTION, ETC. | |
| Place of publication, distribution, etc. | Madras : |
| Name of publisher, distributor, etc. | Marcel Dekker , |
| Date of publication, distribution, etc. | 1984 . |
| 300 ## - PHYSICAL DESCRIPTION | |
| Extent | 219 p. |
| Other physical details | Hard Back |
| 490 ## - SERIES STATEMENT | |
| Series statement | Statistics textbook and monographs ; |
| Volume/sequential designation | no.59 |
| 650 ## - SUBJECT ADDED ENTRY--TOPICAL TERM | |
| Topical term or geographic name entry element | Statistics |
| 650 ## - SUBJECT ADDED ENTRY--TOPICAL TERM | |
| Topical term or geographic name entry element | textbook and monographs |
| 650 ## - SUBJECT ADDED ENTRY--TOPICAL TERM | |
| Topical term or geographic name entry element | Computer modeling for business and industry |
| 942 ## - ADDED ENTRY ELEMENTS (KOHA) | |
| Koha item type | Books |
| 942 ## - ADDED ENTRY ELEMENTS (KOHA) | |
| Source of classification or shelving scheme | Dewey Decimal Classification |
| Suppress in OPAC | No |
| Withdrawn status | Lost status | Source of classification or shelving scheme | Damaged status | Collection code | Not for loan | Home library | Current library | Shelving location | Date acquired | Cost, normal purchase price | Total Checkouts | Full call number | Barcode | Date last seen | Price effective from | Koha item type |
|---|---|---|---|---|---|---|---|---|---|---|---|---|---|---|---|---|
| Dewey Decimal Classification | Statistics | Reference Book | ST. THOMAS COLLEGE LIBRARY, PALAI | ST. THOMAS COLLEGE LIBRARY, PALAI | Statistics - Reference | 2021-07-10 | 120.00 | 519.502 8 BRU-C | 67855 | 2021-07-10 | 2021-07-10 | Books |
